000 00690nam a2200181Ia 4500
008 151018s9999 xx 000 0 und d
082 _bRBASDV48015
_a491.435
100 _aउमाशंकर द्विवेदी
245 _aहिंदी प्राथमिक व्याकरण
250 _b1
260 _bविश्व हिंदू
_c2009
300 _a88
600 _aउमाशंकर द्विवेदी
630 _aहिंदी प्राथमिक व्याकरण
700 _aउमाशंकर द्विवेदी
730 _aहिंदी प्राथमिक व्याकरण
942 _cBOOK
999 _c1047145
_d1047142